[Event "Johor op 9th"]
[Site "Johor"]
[Date "2025.01.21"]
[Round "5"]
[White "Kakavand, Ramtin"]
[Black "Arfan, Aditya Bagus"]
[Result "0-1"]
[WhiteElo "2056"]
[BlackElo "2402"]
[PlyCount "100"]
[EventDate "2025.01.18"]
[EventType "swiss"]
[EventRounds "9"]
[EventCountry "MAS"]
[SourceTitle "CB05_2025"]
[SourceDate "2025.01.29"]
[SourceVersion "1"]
[SourceVersionDate "2025.01.29"]
[SourceQuality "1"]

1. e4 c5 2. c4 Nc6 3. Nf3 e5 4. d3 g6 5. g3 Bg7 6. Bg2 Nge7 7. Nc3 d6 8. h3 0-0 9. 0-0 a6 10. a3 Rb8 11. Rb1 b5 12. cxb5 axb5 13. b4 cxb4 14. axb4 Be6 15. Ng5 Bd7 16. Be3 Qc8 17. Rc1 h6 18. Nd5 Qd8 19. Nxe7+ Qxe7 20. Nf3 Nxb4 21. Qd2 Na6 22. Bxh6 Nc5 23. Rb1 b4 24. Bxg7 Kxg7 25. Rxb4 Rxb4 26. Qxb4 Nxd3 27. Qd2 Nc5 28. Rd1 Nxe4 29. Qd5 Ba4 30. Rd3 f5 31. Nd2 Nxd2 32. Rxd2 Rd8 33. Rb2 Be8 34. Rb7 Rd7 35. Rb5 Bf7 36. Qc6 Rc7 37. Qb6 e4 38. Ra5 Rc1+ 39. Kh2 Qf6 40. Ra8 g5 41. Qb8 Kg6 42. Ra6 Rd1 43. Qc7 Rd2 44. Qd7 e3 45. fxe3 Rxg2+ 46. Kxg2 Qb2+ 47. Kf3 Bd5+ 48. e4 Bxe4+ 49. Ke3 Qa3+ 50. Kd4 Qd3# 0-1